|
|
|
|
| LEADER |
00000nam0a2200000 4500 |
| 001 |
50964 |
| 005 |
20231101211259.0 |
| 035 |
|
|
|a (RuTPU)RU\TPU\book\53352
|
| 090 |
|
|
|a 50964
|
| 100 |
|
|
|a 20030423d1972 m y0rusy50 ca
|
| 101 |
0 |
|
|a rus
|
| 102 |
|
|
|a RU
|
| 105 |
|
|
|a a j 001zy
|
| 200 |
1 |
|
|a Котельные установки
|e учебник
|f М. М. Щеголев, Ю. Л. Гусев, М. С. Иванова
|
| 205 |
|
|
|a 2-е изд., перераб. и доп.
|
| 210 |
|
|
|a Москва
|c Стройиздат
|d 1972
|
| 215 |
|
|
|a 384 с.
|c ил.
|
| 320 |
|
|
|a Библиогр.: с. 382.
|
| 606 |
1 |
|
|a Котельные установки
|2 stltpush
|3 (RuTPU)RU\TPU\subj\15977
|9 42172
|
| 610 |
1 |
|
|a топливо
|
| 610 |
1 |
|
|a горение
|
| 610 |
1 |
|
|a тепловой баланс
|
| 610 |
1 |
|
|a котельные агрегаты
|
| 610 |
1 |
|
|a топочные устройства
|
| 610 |
1 |
|
|a пароперегреватели
|
| 610 |
1 |
|
|a тепловые расчеты
|
| 610 |
1 |
|
|a теплопередача
|
| 610 |
1 |
|
|a водоподготовка
|
| 610 |
1 |
|
|a топливное хозяйство
|
| 610 |
1 |
|
|a автоматика
|
| 610 |
1 |
|
|a контроль
|
| 610 |
1 |
|
|a эксплуатация
|
| 610 |
1 |
|
|a учебники
|
| 675 |
|
|
|a 621.18(075.8)
|v 3
|
| 700 |
|
1 |
|a Щеголев
|b М. М.
|g Михаил Михайлович
|
| 701 |
|
1 |
|a Гусев
|b Ю. Л.
|g Юрий Львович
|
| 701 |
|
1 |
|a Иванова
|b М. С.
|g Муза Семеновна
|
| 801 |
|
1 |
|a RU
|b 63413507
|c 20030423
|g PSBO
|
| 801 |
|
2 |
|a RU
|b 63413507
|c 20220610
|g PSBO
|
| 942 |
|
|
|c BK
|